Призраки по их особенностям в PHASMOPHOBIA - Statistics

General Stats
  • This quiz has been taken 60 times
  • The average score is 8 of 12
Answer Stats
Особенность Призрак % Correct
Не может наступить на соль Мираж
78%
Никогда не включает свет(в комнате) Мара
76%
Распятие действует дальше Демон
72%
Нельзя сфотографировать Фантом
72%
Всегда знает, где вы Деоген
70%
Преследует определённуюжертву Банши
70%
Никогда не выключаетсвет Джинн
67%
Благовоние действуетдольше Дух
67%
Очень медленный во времяатаки, пока не видит игрока Ревенант
67%
Может проклинать через аудиоустройства Морой
63%
Может атаковать при высокомрассудке, если рядом много разговаривают Ёкай
63%
Может атаковать после тушения свечи Онрё
54%
No matching quizzes found
Score Distribution
Percent of People with Each Score
Percentile by Number Answered
Your Score History
You have not taken this quiz